<?xml version="1.0" encoding="UTF-8"?>
<record
    xmlns:xsi="http://www.w3.org/2001/XMLSchema-instance"
    xsi:schemaLocation="http://www.loc.gov/MARC21/slim http://www.loc.gov/standards/marcxml/schema/MARC21slim.xsd"
    xmlns="http://www.loc.gov/MARC21/slim">

  <leader>02475nam a2200337 i 4500</leader>
  <controlfield tag="003">CSPC</controlfield>
  <controlfield tag="005">20251202130345.0</controlfield>
  <controlfield tag="008">251127s2023    ph a     b    000 0 eng d</controlfield>
  <datafield tag="020" ind1=" " ind2=" ">
    <subfield code="a">9786218070493</subfield>
  </datafield>
  <datafield tag="040" ind1=" " ind2=" ">
    <subfield code="a">CSPC</subfield>
    <subfield code="b">eng</subfield>
    <subfield code="c">CSPC</subfield>
    <subfield code="e">rda</subfield>
  </datafield>
  <datafield tag="050" ind1="0" ind2="4">
    <subfield code="a">JZ1318</subfield>
    <subfield code="b">.A2476 2023</subfield>
  </datafield>
  <datafield tag="082" ind1="0" ind2="4">
    <subfield code="a">306.2</subfield>
    <subfield code="b">Ac35c</subfield>
  </datafield>
  <datafield tag="100" ind1="1" ind2=" ">
    <subfield code="a">Acero, Allegro C.,</subfield>
    <subfield code="e">author.</subfield>
  </datafield>
  <datafield tag="245" ind1="1" ind2="4">
    <subfield code="a">The contemporary world /</subfield>
    <subfield code="c">Allegro C. Acero, Celeste C. Marquez, and Ernesto Thaddeus M. Solmerano.</subfield>
  </datafield>
  <datafield tag="250" ind1=" " ind2=" ">
    <subfield code="a">First edition.</subfield>
  </datafield>
  <datafield tag="264" ind1=" " ind2="1">
    <subfield code="a">Manila :</subfield>
    <subfield code="b">Fastbooks Educational Supply, Inc.,</subfield>
    <subfield code="c">2023.</subfield>
  </datafield>
  <datafield tag="300" ind1=" " ind2=" ">
    <subfield code="a">xviii, 225 pages :</subfield>
    <subfield code="b">illustrations ;</subfield>
    <subfield code="c">25 cm.</subfield>
  </datafield>
  <datafield tag="336" ind1=" " ind2=" ">
    <subfield code="2">rdacontent</subfield>
    <subfield code="a">text</subfield>
  </datafield>
  <datafield tag="337" ind1=" " ind2=" ">
    <subfield code="2">rdamedia</subfield>
    <subfield code="a">unmediated</subfield>
  </datafield>
  <datafield tag="338" ind1=" " ind2=" ">
    <subfield code="2">rdacarrier</subfield>
    <subfield code="a">volume</subfield>
  </datafield>
  <datafield tag="500" ind1=" " ind2=" ">
    <subfield code="a">"General education core course."</subfield>
  </datafield>
  <datafield tag="504" ind1=" " ind2=" ">
    <subfield code="a">Includes bibliographical references.</subfield>
  </datafield>
  <datafield tag="505" ind1="0" ind2=" ">
    <subfield code="a">Defining and confronting globalization -- History and theories of globalization -- Global economy and international trade -- Economic/market integration -- Global governance -- Global divides and global stratification -- Asian regionalism -- Global media culture -- The globalization of religion -- Global terrorism -- Global demography and migration -- Global Demography and migration -- Global food security -- Sustainable development -- Global city and global citizenship.</subfield>
    <subfield code="g"> </subfield>
  </datafield>
  <datafield tag="520" ind1=" " ind2=" ">
    <subfield code="a">"The contemporary world is one of the core courses in the new General Education Curriculum (GEC) that all Philippine colleges and universities must offer. The course will look at current global conditions from both local and global perspectives. The objective of the course is to engage students in current global issues and problems that all of humanity confronts. The eventual aim is to instill in students the values, attitudes, and behaviors that support responsible global citizenship: creativity, innovation, inclusivity, respect for diversity, and a commitment to the environment, peace, human rights, and sustainable development. This course book aims to assist students in developing an understanding of today's contemporary world, an understanding that will grow and change as the world changes around us." -- Back cover</subfield>
  </datafield>
  <datafield tag="650" ind1=" " ind2="0">
    <subfield code="a">Globalization.</subfield>
  </datafield>
  <datafield tag="650" ind1=" " ind2="0">
    <subfield code="a">World economics.</subfield>
  </datafield>
  <datafield tag="700" ind1="1" ind2=" ">
    <subfield code="a">Marquez, Celeste C.,</subfield>
    <subfield code="e">author.</subfield>
  </datafield>
  <datafield tag="700" ind1="1" ind2=" ">
    <subfield code="a">Solmerano, Ernesto Thaddeus M.,</subfield>
    <subfield code="e">author.</subfield>
  </datafield>
  <datafield tag="942" ind1=" " ind2=" ">
    <subfield code="2">ddc</subfield>
    <subfield code="n">0</subfield>
    <subfield code="c">BK</subfield>
    <subfield code="h">306.2</subfield>
    <subfield code="i">Ac35c</subfield>
    <subfield code="k">FIL</subfield>
    <subfield code="m">2023</subfield>
  </datafield>
  <datafield tag="952" ind1=" " ind2=" ">
    <subfield code="0">0</subfield>
    <subfield code="1">0</subfield>
    <subfield code="2">ddc</subfield>
    <subfield code="4">0</subfield>
    <subfield code="7">0</subfield>
    <subfield code="a">CSPC</subfield>
    <subfield code="b">CSPC</subfield>
    <subfield code="c">FIL</subfield>
    <subfield code="d">2025-11-27</subfield>
    <subfield code="l">0</subfield>
    <subfield code="o">FIL 306.2 Ac35c 2023</subfield>
    <subfield code="p">030729</subfield>
    <subfield code="r">2025-11-27 14:01:43</subfield>
    <subfield code="t">1-1</subfield>
    <subfield code="w">2025-11-27</subfield>
    <subfield code="y">BK</subfield>
  </datafield>
  <datafield tag="999" ind1=" " ind2=" ">
    <subfield code="c">30931</subfield>
    <subfield code="d">30931</subfield>
  </datafield>
</record>
